Glossar Sprachwissenschaftlicher Fachbegriffe

Guardado en:
Detalles Bibliográficos
Autor principal: Adamcová, Silvia, 1984-
Otros Autores: Adamcová, Lívia, Lišková, Danuša
Formato: Libro
Lenguaje:alemán
Publicado: Bratislava Z-F LINGUA 2019
Edición:1. vydanie
Materias:
Etiquetas: Agregar Etiqueta
Sin Etiquetas, Sea el primero en etiquetar este registro!

MARC

LEADER 00000nam a2200000 4500
001 0260261
005 20240502074122.3
020 |a 978-80-8177-066-1 
041 0 |a ger 
044 |a SK 
245 1 0 |a Glossar Sprachwissenschaftlicher Fachbegriffe  |c Silvia Adamcová ; recenzenti: Lívia Adamcová, Danuša Lišková 
250 |a 1. vydanie 
264 1 |a Bratislava  |b Z-F LINGUA  |c 2019 
300 |a [96 s.] [5,1 AH] 
610 2 0 |a jazykoveda 
610 2 0 |a jazyky cudzie 
610 2 0 |a nemčina 
610 2 0 |a slovníky 
610 2 0 |a teória a prax 
610 2 0 |a pojmy 
610 2 0 |a terminológia 
100 1 |a Adamcová, Silvia, 1984- 
700 1 |a Adamcová, Lívia 
700 1 |a Lišková, Danuša